000 00609nam a2200193Ia 4500
003 GCL
008 140319s9999 xx 000 0 ara d
020 _a2161291977
040 _aGCL /
_cGCL
082 0 4 _a814
_bم ا
100 1 _aمحمد مستجاب
245 1 0 _aابو رجل مسلوخة /
_cمحمد مستجاب
250 _aالاولى
260 _aالقاهرة :
_bمركز الحضارة العربية للاعلام والنشر ،
_c2000
300 _a286 ص ؛
_c20 سم
650 0 4 _aالادب العربى
650 0 4 _aالمقالات العربية - مصر
942 _2ddc
_cBK
999 _c4671
_d4671